Karamati Coat (Record no. 68597)

MARC details
000 -LEADER
fixed length control field 01111nam a22002897a 4500
003 - CONTROL NUMBER IDENTIFIER
control field dpl
005 - DATE AND TIME OF LATEST TRANSACTION
control field 20120719151757.0
006 - FIXED-LENGTH DATA ELEMENTS--ADDITIONAL MATERIAL CHARACTERISTICS--GENERAL INFORMATION
fixed length control field a|||||r|||||00| 0
007 - PHYSICAL DESCRIPTION FIXED FIELD--GENERAL INFORMATION
fixed length control field DVD
008 - FIXED-LENGTH DATA ELEMENTS--GENERAL INFORMATION
fixed length control field 050907s2005 cau105 g 00| 0 eng d
010 ## - LIBRARY OF CONGRESS CONTROL NUMBER
LC control number DVD-008240
024 ## - OTHER STANDARD IDENTIFIER
Terms of availability 150.00
035 ## - SYSTEM CONTROL NUMBER
System control number DVD-008240
040 ## - CATALOGING SOURCE
Original cataloging agency DPL
Transcribing agency DPL
092 ## - LOCALLY ASSIGNED DEWEY CALL NUMBER (OCLC)
Classification number DVD/KARA
245 ## - TITLE STATEMENT
Title Karamati Coat
Medium [videorecording] DVD /
Statement of responsibility, etc Children Film Society, India
Remainder of title by Ajay Kartik
260 ## - PUBLICATION, DISTRIBUTION, ETC. (IMPRINT)
Name of publisher, distributor, etc Children Film Society, India
270 ## - ADDRESS
Address Films Divison Complex, 24, Dr. G Deshmukh Marg
City Mumbai-400026
300 ## - PHYSICAL DESCRIPTION
Extent 1 videodisc DVD;(90 min.)
Other physical details sd., col. ;
Dimensions 4-3/4 in.
Type of unit DVD
306 ## - PLAYING TIME
Playing time 90 min.
538 ## - SYSTEM DETAILS NOTE
System details note Hindi
650 ## - SUBJECT ADDED ENTRY--TOPICAL TERM
Topical term or geographic name as entry element Live Action feature
9 (RLIN) 50274
700 ## - ADDED ENTRY--PERSONAL NAME
9 (RLIN) 50283
Personal name Ajay Kartik
942 ## - ADDED ENTRY ELEMENTS (KOHA)
Koha item type CD-ROMs, DVDs, VHS
Source of classification or shelving scheme Dewey Decimal Classification
Classification part DVD
Call number suffix KARA
Holdings
Withdrawn status Lost status Source of classification or shelving scheme Damaged status Not for loan Collection code Home library Current library Date acquired Source of acquisition Cost, normal purchase price Total Checkouts Full call number Barcode Date last seen Date checked out Copy number Cost, replacement price Price effective from Koha item type
    Dewey Decimal Classification     Non-fiction Sarojini Nagar Sarojini Nagar 23/07/2012 CFSI/Delhi/05/12, dt.18.5.12 150.00 7 DVD KARA DVD-008240 12/11/2016 29/10/2016 1 150.00 23/07/2012 CD-ROMs, DVDs, VHS

© Delhi Public Library
Hit Counter
free hit counter